Új testvérvárosa van Dunaszerdahelynek

Bibliographic Details
Main Author: Bartalos, Éva (Author)
Format: Article
Language:Hungarian
PhysicalDescription:Fotogr.
ISSN:1335-7050
Subjects:

MARC

LEADER 00000nab a2200000 a 4500
001 vtls011573195
003 SK-MaSNL
005 20260318121550.0
008 160815c20160815xo d| | 000 0|2hun
015 |a SNBRB2016/08 
038 |a DSZK 
040 |a DSZK  |b slo  |c DSZK  |e AACR2 
041 0 |a hun 
044 |a xo  |c SK 
080 |a 911.375:316.4.063.34  |x (437.319:437.612)  |2 2011 
100 1 |a Bartalos, Éva  |4 aut  |9 1086614 
245 1 0 |a Új testvérvárosa van Dunaszerdahelynek  |c Bartalos Éva 
300 |b Fotogr. 
650 0 7 |a partnerské mestá  |2 SNKPH  |9 75817 
651 7 |a Dunajská Streda (Slovensko)  |2 SNKPH  |9 17375 
651 7 |a Jindřichův Hradec (Česko)  |2 SNKPH  |9 23341 
773 0 |t Új szó  |g Évf. 69, sz. 190 (2016.8.15), o. 4  |x 1335-7050 
852 |a DSZK  |b KIS3GCP 
958 |a HU 
958 |a SK 
958 |a CZ 
999 |c 3231913  |d 3233843